000 04903 a2200421 4500
005 20090416115557.0
008 090416t xxu||||| |||| 00| 0 eng d
010 _aB-304847-863
020 _a8177830317
_c150.00
035 _aB-304847-863
037 _bप्रवीण प्रकाशन
040 _adpl
_bhn
082 _a920
100 _aगोयल, शिवकुमार
245 _aकारगिल के वीर /
_cशिवकुमार गोयल
260 _aनई दिल्ली
_bप्रवीण प्रकाशन
_c2008
270 _a1/1079-ई, महरौली
_bनई दिल्ली
_e110030
300 _a134पृ
_c22 सेमी (सजिल्द)
942 _adpl
_cHN
_k / गोयल
_2ddc
_h920
_mगोयल
999 _c12685
_d12685